000 00709nam a2200253Ia 4500
003 OSt
005 20221002051217.0
006 a|||||r|||| 00| 0
007 ta
008 220930b |||||||| |||| 00| 0 eng d
024 _a22808
037 _cReference Collections
040 _aCRL
_cCRL
_beng
041 _2eng
_aeng
082 _aV1:71k1,N75, L5(RR)
100 _aHillier Bevis Ed
_9572209
245 0 _aConnoisseur complete encyclopedia of antiques
260 _aLondon
_bPeerage Books
_c1975
300 _a704p
_ccm.
650 _a HISTORY
650 _aARCHEOLOGY
942 _hV1:71k1,N75, L5(RR)
_cref
_2CC
999 _c916225
_d916225